[Event "V Torneio Cidade de Leiria"]
[Site "Leiria POR"]
[Date "2017.07.14"]
[Round "1.1"]
[White "Oliveira, Fernando Alves"]
[Black "Brodowski, Piotr"]
[Result "0-1"]
[BlackElo "2442"]
[WhiteElo "1580"]
[LiveChessVersion "1.4.8"]

1. d4 {[%clk 1:30:53]} g6 {[%clk 1:29:56]} 2. Nf3 {[%clk 1:31:16]} Bg7
{[%clk 1:30:20]} 3. Bf4 {[%clk 1:31:30]} c5 {[%clk 1:30:40]} 4. e3
{[%clk 1:31:51]} Nf6 {[%clk 1:30:37]} 5. h3 {[%clk 1:32:11]} Qb6 {[%clk 1:30:32]}
6. Nc3 {[%clk 1:30:05]} O-O {[%clk 1:29:45]} 7. Rb1 {[%clk 1:24:38]} d6
{[%clk 1:21:28]} 8. Be2 {[%clk 1:22:09]} Bf5 {[%clk 1:18:53]} 9. Nh4
{[%clk 1:21:42]} Bd7 {[%clk 1:19:01]} 10. Nf3 {[%clk 1:22:04]} a5
{[%clk 1:10:36]} 11. O-O {[%clk 1:21:54]} Na6 {[%clk 1:11:01]} 12. a3
{[%clk 1:18:14]} Nc7 {[%clk 1:10:03]} 13. dxc5 {[%clk 1:17:47]} Qxc5
{[%clk 1:10:04]} 14. e4 {[%clk 1:14:01]} e5 {[%clk 1:07:00]} 15. Be3
{[%clk 1:14:25]} Qc6 {[%clk 1:07:21]} 16. Qd2 {[%clk 1:14:16]} b5 17. Qd3
{[%clk 1:07:04]} b4 {[%clk 0:57:21]} 18. axb4 {[%clk 1:07:32]} axb4
{[%clk 0:57:46]} 19. Nd5 {[%clk 1:08:01]} Ncxd5 {[%clk 0:58:04]} 20. exd5
{[%clk 1:08:28]} Nxd5 {[%clk 0:57:16]} 21. Rfd1 {[%clk 0:57:18]} Ra5
{[%clk 0:57:01]} 22. Ne1 {[%clk 0:55:14]} Be6 {[%clk 0:55:19]} 23. Bf3
{[%clk 0:50:51]} f5 {[%clk 0:54:27]} 24. Bxd5 {[%clk 0:50:36]} Rxd5
{[%clk 0:54:51]} 25. Qe2 {[%clk 0:50:37]} f4 {[%clk 0:53:27]} 26. Bd2
{[%clk 0:50:39]} Rd4 {[%clk 0:53:18]} 27. c3 {[%clk 0:42:17]} Re4
{[%clk 0:53:40]} 28. Qf3 {[%clk 0:42:42]} Bd5 {[%clk 0:54:08]} 29. Qd3
{[%clk 0:43:03]} Bc4 {[%clk 0:54:36]} 30. Qf3 {[%clk 0:43:31]} Be2
{[%clk 0:55:02]} 31. Qg4 {[%clk 0:43:42]} Bxg4 {[%clk 0:55:26]} 0-1

[Event "V Torneio Cidade de Leiria"]
[Site "Leiria POR"]
[Date "2017.07.14"]
[Round "1.2"]
[White "Luch, Michal"]
[Black "Oliveira, Tomás"]
[Result "1-0"]
[BlackElo "1580"]
[WhiteElo "2393"]
[LiveChessVersion "1.4.8"]

1. d4 {[%clk 1:30:57]} e6 {[%clk 1:30:34]} 2. c4 {[%clk 1:31:23]} d5
{[%clk 1:30:56]} 3. Nc3 {[%clk 1:31:49]} c6 {[%clk 1:30:22]} 4. e4
{[%clk 1:32:02]} dxe4 {[%clk 1:27:04]} 5. Nxe4 {[%clk 1:32:29]} Bb4+
{[%clk 1:23:43]} 6. Bd2 {[%clk 1:32:55]} Bxd2+ {[%clk 1:21:22]} 7. Qxd2
{[%clk 1:33:20]} Nf6 {[%clk 1:21:12]} 8. Nc3 {[%clk 1:31:23]} b6 {[%clk 1:16:16]}
9. Nf3 {[%clk 1:27:13]} Bb7 {[%clk 1:11:18]} 10. O-O-O {[%clk 1:27:03]} O-O
{[%clk 1:06:12]} 11. Qf4 {[%clk 1:24:09]} h6 {[%clk 0:59:43]} 12. g4
{[%clk 1:23:35]} Nh7 {[%clk 0:57:36]} 13. h4 {[%clk 1:23:08]} Qf6
{[%clk 0:54:49]} 14. Qg3 {[%clk 1:23:33]} c5 {[%clk 0:46:58]} 15. d5
{[%clk 1:23:43]} g5 {[%clk 0:46:30]} 16. hxg5 {[%clk 1:23:33]} Nxg5 17. Ne5
{[%clk 1:19:10]} exd5 {[%clk 0:43:05]} 18. cxd5 {[%clk 1:19:14]} Rd8
{[%clk 0:40:25]} 19. Bg2 {[%clk 1:15:36]} Nd7 {[%clk 0:39:34]} 20. Nxd7
{[%clk 1:16:03]} Rxd7 {[%clk 0:39:11]} 21. f4 {[%clk 1:16:30]} Nh7
{[%clk 0:34:30]} 22. g5 {[%clk 1:12:20]} hxg5 {[%clk 0:29:09]} 23. Rxh7
{[%clk 1:12:07]} Qxf4+ {[%clk 0:23:56]} 24. Qxf4 {[%clk 1:12:31]} gxf4
{[%clk 0:24:19]} 25. Rdh1 {[%clk 1:12:52]} Rad8 {[%clk 0:23:58]} 26. R7h4
{[%clk 1:12:37]} Kg7 {[%clk 0:22:25]} 27. Rg4+ {[%clk 1:12:51]} Kf6
{[%clk 0:22:12]} 28. Rxf4+ {[%clk 1:13:17]} Ke7 {[%clk 0:21:55]} 29. Re1+
{[%clk 1:13:30]} 1-0

[Event "V Torneio Cidade de Leiria"]
[Site "Leiria POR"]
[Date "2017.07.14"]
[Round "1.3"]
[White "Basilio, Rodrigo"]
[Black "Bray, Daniel"]
[Result "0-1"]
[BlackElo "2165"]
[WhiteElo "1566"]
[LiveChessVersion "1.4.8"]

1. e4 {[%clk 1:30:30]} c5 {[%clk 1:30:30]} 2. Nf3 {[%clk 1:30:30]} d6
{[%clk 1:31:37]} 3. Bb5+ {[%clk 1:31:45]} Bd7 {[%clk 1:31:20]} 4. Bxd7+
{[%clk 1:32:08]} Qxd7 {[%clk 1:31:46]} 5. d4 {[%clk 1:31:46]} cxd4
{[%clk 1:31:10]} 6. Nxd4 {[%clk 1:32:08]} Nf6 {[%clk 1:30:22]} 7. Nc3
{[%clk 1:31:23]} g6 {[%clk 1:27:31]} 8. h3 {[%clk 1:31:10]} Bg7 {[%clk 1:27:15]}
9. Be3 {[%clk 1:31:27]} O-O {[%clk 1:27:08]} 10. O-O {[%clk 1:31:32]} Nc6
{[%clk 1:24:33]} 11. f4 {[%clk 1:29:46]} Rac8 {[%clk 1:15:33]} 12. Qd2
{[%clk 1:29:04]} Na5 {[%clk 0:50:02]} 13. Qd3 {[%clk 1:21:05]} Nc4 14. Rab1
{[%clk 1:13:26]} a6 {[%clk 0:38:09]} 15. Bf2 {[%clk 1:08:28]} Qc7
{[%clk 0:35:14]} 16. Nce2 {[%clk 1:00:26]} e5 {[%clk 0:33:48]} 17. Nf3
{[%clk 0:54:20]} d5 {[%clk 0:27:54]} 18. Nxe5 {[%clk 0:48:38]} Nxe4
{[%clk 0:27:56]} 19. Nxc4 {[%clk 0:48:24]} Qxc4 {[%clk 0:28:14]} 20. Ng3
{[%clk 0:32:25]} Qxd3 {[%clk 0:27:25]} 21. cxd3 {[%clk 0:31:53]} Nd2
{[%clk 0:27:51]} 22. d4 {[%clk 0:31:39]} Nxb1 {[%clk 0:27:52]} 23. Rxb1
{[%clk 0:32:07]} Rc2 {[%clk 0:27:58]} 24. Be3 {[%clk 0:32:30]} Re8
{[%clk 0:28:03]} 25. Bf2 {[%clk 0:32:32]} h5 {[%clk 0:27:54]} 0-1

[Event "V Torneio Cidade de Leiria"]
[Site "Leiria POR"]
[Date "2017.07.14"]
[Round "1.4"]
[White "Costa, Paulo"]
[Black "Cavadas, José"]
[Result "1-0"]
[BlackElo "1550"]
[WhiteElo "2108"]
[LiveChessVersion "1.4.8"]

1. Nf3 {[%clk 1:30:30]} Nf6 {[%clk 1:30:30]} 2. g3 {[%clk 1:30:30]} g6
{[%clk 1:30:52]} 3. Bg2 {[%clk 1:31:29]} Bg7 {[%clk 1:32:14]} 4. O-O
{[%clk 1:31:53]} O-O {[%clk 1:32:31]} 5. c4 {[%clk 1:32:03]} c5 {[%clk 1:31:23]}
6. Nc3 {[%clk 1:32:15]} Nc6 {[%clk 1:31:35]} 7. d4 {[%clk 1:32:34]} cxd4
{[%clk 1:31:11]} 8. Nxd4 {[%clk 1:32:55]} Nxd4 {[%clk 1:27:00]} 9. Qxd4
{[%clk 1:33:14]} d6 {[%clk 1:27:06]} 10. Qh4 {[%clk 1:30:15]} Re8
{[%clk 1:23:31]} 11. Bg5 {[%clk 1:28:45]} Qb6 {[%clk 1:22:02]} 12. b3
{[%clk 1:27:34]} Nd7 {[%clk 1:21:39]} 13. Nd5 {[%clk 1:26:30]} Qd8
{[%clk 1:08:46]} 14. Nxe7+ {[%clk 1:24:40]} Rxe7 {[%clk 1:08:15]} 15. Bxe7
{[%clk 1:25:04]} Qb6 {[%clk 1:08:16]} 16. Rad1 {[%clk 1:24:42]} Be5
{[%clk 1:08:15]} 17. Qh6 {[%clk 1:21:01]} Qc5 {[%clk 1:02:36]} 18. Qd2
{[%clk 1:20:57]} a5 {[%clk 1:02:40]} 19. Bxd6 {[%clk 1:20:02]} Bxd6
{[%clk 0:55:25]} 20. Qxd6 {[%clk 1:20:25]} Qf5 21. e4 {[%clk 1:18:44]} Qg5
{[%clk 0:55:27]} 22. h4 {[%clk 1:18:31]} Qd8 {[%clk 0:54:53]} 23. Bh3
{[%clk 1:18:35]} Ra6 {[%clk 0:55:05]} 24. Qd5 {[%clk 1:18:45]} 1-0

[Event "V Torneio Cidade de Leiria"]
[Site "Leiria POR"]
[Date "2017.07.14"]
[Round "1.5"]
[White "Maximiano, Paulo"]
[Black "Fernandes, Miguel"]
[Result "0-1"]
[BlackElo "2024"]
[WhiteElo "1546"]
[LiveChessVersion "1.4.8"]

1. e4 {[%clk 1:03:29]} e6 {[%clk 1:30:26]} 2. d4 {[%clk 1:03:46]} c5
{[%clk 1:30:29]} 3. Be3 {[%clk 1:03:57]} cxd4 {[%clk 1:30:30]} 4. Bxd4
{[%clk 1:04:14]} Nc6 {[%clk 1:30:31]} 5. Nf3 {[%clk 1:04:01]} Nxd4
{[%clk 1:30:14]} 6. Qxd4 {[%clk 1:03:44]} Qc7 {[%clk 1:27:02]} 7. Nc3
{[%clk 0:57:36]} a6 {[%clk 1:24:56]} 8. Be2 {[%clk 0:44:50]} Ne7 9. Ne5
{[%clk 0:37:20]} Nc6 {[%clk 1:14:54]} 10. Nxc6 {[%clk 0:37:07]} bxc6
{[%clk 1:14:55]} 11. O-O {[%clk 0:32:21]} c5 {[%clk 1:12:35]} 12. Qe3
{[%clk 0:30:29]} d6 {[%clk 1:10:15]} 13. Kh1 {[%clk 0:28:28]} Be7
{[%clk 1:09:47]} 14. f4 {[%clk 0:28:36]} Rb8 {[%clk 1:08:47]} 15. b3
{[%clk 0:28:18]} Bf6 {[%clk 1:08:49]} 16. Rad1 {[%clk 0:15:32]} Bb7
{[%clk 1:05:05]} 17. Bf3 {[%clk 0:15:14]} O-O {[%clk 1:01:08]} 18. Rxd6
{[%clk 0:07:08]} Qxd6 {[%clk 0:58:34]} 19. e5 {[%clk 0:07:36]} Qd4
{[%clk 0:58:58]} 20. Qxd4 {[%clk 0:07:47]} cxd4 {[%clk 0:59:24]} 21. exf6
{[%clk 0:07:14]} dxc3 {[%clk 0:59:34]} 22. fxg7 {[%clk 0:07:10]} Rfd8
{[%clk 0:59:53]} 0-1

[Event "V Torneio Cidade de Leiria"]
[Site "Leiria POR"]
[Date "2017.07.14"]
[Round "1.6"]
[White "Fernandes, João Pedro"]
[Black "Peixoto, João"]
[Result "1-0"]
[BlackElo "1453"]
[WhiteElo "1953"]
[LiveChessVersion "1.4.8"]

1. e4 {[%clk 1:30:58]} c5 {[%clk 1:30:19]} 2. Nf3 {[%clk 1:31:11]} d6
{[%clk 1:30:08]} 3. d4 {[%clk 1:31:25]} cxd4 {[%clk 1:30:29]} 4. Nxd4
{[%clk 1:31:47]} Nf6 {[%clk 1:30:33]} 5. Nc3 {[%clk 1:32:10]} a6 {[%clk 1:30:57]}
6. h3 {[%clk 1:31:57]} Bd7 {[%clk 1:29:53]} 7. g4 {[%clk 1:29:24]} h6
{[%clk 1:27:31]} 8. Bg2 {[%clk 1:28:07]} Nc6 {[%clk 1:26:59]} 9. Be3
{[%clk 1:25:33]} e6 {[%clk 1:21:40]} 10. Qe2 {[%clk 1:22:47]} Be7
{[%clk 1:19:33]} 11. f4 {[%clk 1:16:41]} e5 {[%clk 1:19:09]} 12. Nxc6
{[%clk 1:13:27]} Bxc6 {[%clk 1:19:21]} 13. O-O-O {[%clk 1:11:17]} Qc7
{[%clk 1:18:52]} 14. Kb1 {[%clk 1:03:13]} b5 {[%clk 1:14:27]} 15. fxe5 dxe5
{[%clk 1:14:16]} 16. Nd5 {[%clk 0:53:42]} Nxd5 {[%clk 1:14:16]} 17. exd5
{[%clk 0:54:04]} Bd7 {[%clk 1:14:16]} 18. d6 {[%clk 0:54:15]} 1-0

[Event "V Torneio Cidade de Leiria"]
[Site "Leiria POR"]
[Date "2017.07.14"]
[Round "1.7"]
[White "Goncalves, Lucas"]
[Black "Negrão, Alberto"]
[Result "0-1"]
[BlackElo "1939"]
[WhiteElo "1386"]
[LiveChessVersion "1.4.8"]

1. e4 e6 {[%clk 1:18:14]} 2. d4 {[%clk 1:31:19]} d5 {[%clk 1:18:23]} 3. e5
{[%clk 1:31:39]} c5 {[%clk 1:18:36]} 4. c3 {[%clk 1:32:03]} Nc6 {[%clk 1:18:46]}
5. Nf3 {[%clk 1:32:22]} Qb6 {[%clk 1:18:32]} 6. a3 {[%clk 1:32:32]} Nge7
{[%clk 1:14:57]} 7. b4 {[%clk 1:30:22]} cxd4 {[%clk 1:14:35]} 8. cxd4
{[%clk 1:30:35]} Nf5 {[%clk 1:10:31]} 9. Bb2 {[%clk 1:30:13]} Bd7
{[%clk 1:09:42]} 10. g3 {[%clk 1:28:52]} Be7 {[%clk 1:05:50]} 11. Bg2
{[%clk 1:28:12]} O-O {[%clk 1:05:22]} 12. O-O {[%clk 1:28:07]} Rac8
{[%clk 1:05:01]} 13. Kh1 {[%clk 1:27:56]} a5 {[%clk 1:02:14]} 14. bxa5
{[%clk 1:26:53]} Qxb2 {[%clk 1:01:40]} 15. Nbd2 {[%clk 1:26:37]} Qb5
{[%clk 0:59:03]} 16. Re1 {[%clk 1:24:28]} Nfxd4 {[%clk 0:58:18]} 17. Rb1 0-1

[Event "V Torneio Cidade de Leiria"]
[Site "Leiria POR"]
[Date "2017.07.14"]
[Round "1.8"]
[White "Silva, Daniel"]
[Black "Abreu, Gonçalo"]
[Result "1-0"]
[BlackElo "1384"]
[WhiteElo "1867"]
[LiveChessVersion "1.4.8"]

1. e4 c5 2. Nf3 {[%clk 1:20:04]} d6 {[%clk 1:30:40]} 3. Nc3 {[%clk 1:20:11]} Nc6
{[%clk 1:30:17]} 4. h3 {[%clk 1:18:41]} Nf6 {[%clk 1:29:05]} 5. Bc4
{[%clk 1:18:37]} a6 {[%clk 1:27:55]} 6. a4 {[%clk 1:18:42]} e6 {[%clk 1:26:46]}
7. O-O {[%clk 1:18:21]} Qc7 {[%clk 1:25:58]} 8. d3 {[%clk 1:17:38]} Be7
{[%clk 1:25:02]} 9. Bf4 {[%clk 1:17:35]} b6 {[%clk 1:21:13]} 10. Re1
{[%clk 1:15:27]} O-O {[%clk 1:18:32]} 11. Ne2 {[%clk 1:07:48]} Bb7
{[%clk 1:15:02]} 12. c3 {[%clk 1:07:42]} Nd7 {[%clk 1:09:01]} 13. g4
{[%clk 1:06:01]} Nce5 {[%clk 1:04:28]} 14. Nxe5 {[%clk 1:05:49]} Nxe5
{[%clk 1:02:52]} 15. Ng3 Ng6 {[%clk 1:00:43]} 16. Be3 {[%clk 1:04:03]} Bh4
{[%clk 0:58:03]} 17. Nh5 {[%clk 1:02:21]} d5 {[%clk 0:56:14]} 18. exd5
{[%clk 1:01:18]} exd5 {[%clk 0:55:57]} 19. Bb3 {[%clk 1:01:06]} c4
{[%clk 0:48:42]} 20. Bc2 {[%clk 0:58:30]} cxd3 {[%clk 0:44:27]} 21. Qxd3
{[%clk 0:58:15]} Rae8 {[%clk 0:40:28]} 22. Bd4 {[%clk 0:56:05]} f6
{[%clk 0:38:30]} 23. Qf5 {[%clk 0:55:17]} Bc8 {[%clk 0:34:50]} 24. Qd3
{[%clk 0:50:36]} Qd6 {[%clk 0:32:34]} 25. Re3 {[%clk 0:50:26]} Bxf2+
{[%clk 0:27:35]} 26. Kxf2 {[%clk 0:49:43]} Qh2+ {[%clk 0:26:32]} 27. Ke1
{[%clk 0:45:59]} Rxe3+ {[%clk 0:19:49]} 28. Bxe3 {[%clk 0:42:27]} Re8
{[%clk 0:17:24]} 29. Rd1 {[%clk 0:32:30]} Qxh3 {[%clk 0:12:39]} 30. Kd2
{[%clk 0:29:40]} a5 {[%clk 0:09:07]} 31. Qxd5+ {[%clk 0:26:10]} Be6
{[%clk 0:07:17]} 32. Qb7 {[%clk 0:20:15]} Rd8+ {[%clk 0:06:33]} 33. Bd3
{[%clk 0:20:27]} Ne7 {[%clk 0:05:30]} 34. Qxe7 {[%clk 0:20:36]} Rxd3+
{[%clk 0:02:50]} 35. Kxd3 {[%clk 0:20:51]} Bc4+ {[%clk 0:02:15]} 36. Kxc4
{[%clk 0:21:02]} 1-0

[Event "V Torneio Cidade de Leiria"]
[Site "Leiria POR"]
[Date "2017.07.14"]
[Round "1.9"]
[White "Oliveira, Antonio"]
[Black "Arjona Casado, Abel"]
[Result "0-1"]
[BlackElo "1828"]
[WhiteElo "1371"]
[LiveChessVersion "1.4.8"]

1. d4 {[%clk 1:30:47]} d5 {[%clk 1:30:55]} 2. c4 {[%clk 1:31:12]} c6
{[%clk 1:31:18]} 3. Nc3 {[%clk 1:31:15]} Nf6 {[%clk 1:31:40]} 4. Nf3
{[%clk 1:31:28]} dxc4 {[%clk 1:32:00]} 5. a4 {[%clk 1:30:21]} Bf5
{[%clk 1:32:19]} 6. e3 {[%clk 1:30:04]} e6 {[%clk 1:32:33]} 7. Bxc4
{[%clk 1:29:37]} Bb4 {[%clk 1:32:37]} 8. O-O {[%clk 1:29:11]} Nbd7
{[%clk 1:32:44]} 9. Bd2 {[%clk 1:27:25]} O-O {[%clk 1:28:46]} 10. Re1
{[%clk 1:24:09]} Bg6 {[%clk 1:25:47]} 11. Nh4 {[%clk 1:17:56]} Bh5
{[%clk 1:21:27]} 12. Nf3 {[%clk 1:12:46]} e5 {[%clk 1:07:34]} 13. dxe5
{[%clk 1:04:36]} Nxe5 {[%clk 0:58:07]} 14. Be2 {[%clk 0:51:01]} Nd3
{[%clk 0:48:29]} 15. Bxd3 {[%clk 0:46:10]} Qxd3 {[%clk 0:47:38]} 16. Qe2
{[%clk 0:41:48]} Rad8 {[%clk 0:39:09]} 17. Qxd3 {[%clk 0:38:20]} Rxd3
{[%clk 0:39:28]} 18. Nb1 {[%clk 0:38:33]} Bxd2 {[%clk 0:25:38]} 19. Nbxd2
{[%clk 0:37:28]} Rfd8 {[%clk 0:25:25]} 20. Rad1 {[%clk 0:29:45]} Bxf3 0-1

[Event "V Torneio Cidade de Leiria"]
[Site "Leiria POR"]
[Date "2017.07.14"]
[Round "1.10"]
[White "Belo, André"]
[Black "Navarro Martinez, Victor"]
[Result "1-0"]
[BlackElo "1279"]
[WhiteElo "1785"]
[LiveChessVersion "1.4.8"]

1. e4 {[%clk 1:30:56]} c5 {[%clk 1:30:37]} 2. c3 {[%clk 1:31:17]} d5 3. e5 Nc6 4.
d4 e6 5. Nf3 Bd7 6. Bd3 Nge7 7. O-O Nc8 8. Re1 Be7 9. Na3 c4 10. Bc2 O-O 11. b3
Qa5 12. b4 Nxb4 13. cxb4 Bxb4 14. Re3 h6 15. Nh4 Bc3 16. Rb1 b5 17. Rg3 Bxd4 18.
Rxg7+ Kxg7 19. Bxh6+ Kxh6 20. Qc1+ Kh5 21. Bd1+ Kxh4 22. Qh6# 1-0

[Event "V Torneio Cidade de Leiria"]
[Site "Leiria POR"]
[Date "2017.07.14"]
[Round "1.11"]
[White "Almeida, Pedro Bastos"]
[Black "Bray, José"]
[Result "0-1"]
[BlackElo "1785"]
[WhiteElo "1215"]
[LiveChessVersion "1.4.8"]

1. d4 Nf6 2. Bg5 d5 3. Nc3 Bf5 4. Bxf6 exf6 5. e3 Bb4 6. Nge2 O-O 7. g3 Nd7 8.
Bg2 c6 9. O-O Re8 10. a3 Bd6 11. Qd2 Nb6 12. b3 Qe7 13. a4 Bb4 14. Qc1 Rad8 15.
Qb2 Nc8 16. Na2 Bd6 17. c4 Bd3 18. cxd5 cxd5 19. Bxd5 Ba3 20. Qd2 Bxe2 21. Qxe2
Rxd5 22. Qc4 Nb6 23. Qc3 Rc8 24. Qd2 a5 25. Nc3 Bb4 26. Nxd5 Nxd5 27. Qd3 g6 28.
Rfc1 Nc3 29. d5 f5 30. Qd4 Ne2+ 31. Kg2 Rxc1 32. Qb2 Rxa1 33. Qxa1 Qe4+ 34. Kf1
Qh1+ 35. Kxe2 Qxa1 36. Kf3 Qb2 37. d6 Be1 38. Kf4 Qxf2+ 39. Ke5 Qxe3+ 40. Kd5
Qe6+ 41. Kc5 Bf2+ 42. Kb5 Qd5# 0-1

[Event "V Torneio Cidade de Leiria"]
[Site "Leiria POR"]
[Date "2017.07.14"]
[Round "1.12"]
[White "Simões, Miguel"]
[Black "Sousa, Ana João"]
[Result "1/2-1/2"]
[BlackElo "1151"]
[WhiteElo "1680"]
[LiveChessVersion "1.4.8"]

1. e4 {[%clk 1:30:58]} c5 {[%clk 1:30:59]} 2. Nf3 {[%clk 1:31:23]} Nc6
{[%clk 1:31:17]} 3. d4 {[%clk 1:31:46]} cxd4 {[%clk 1:31:39]} 4. Nxd4
{[%clk 1:32:13]} Nf6 {[%clk 1:31:55]} 5. Nc3 {[%clk 1:31:24]} e5 {[%clk 1:32:13]}
6. Ndb5 {[%clk 1:31:20]} d6 {[%clk 1:32:24]} 7. Bg5 {[%clk 1:31:26]} a6
{[%clk 1:32:26]} 8. Na3 {[%clk 1:31:50]} b5 {[%clk 1:32:45]} 9. Nd5
{[%clk 1:32:10]} Be7 {[%clk 1:32:54]} 10. Bxf6 {[%clk 1:31:26]} Bxf6
{[%clk 1:32:56]} 11. Nxf6+ {[%clk 1:31:49]} Qxf6 {[%clk 1:33:20]} 12. c3
{[%clk 1:32:14]} O-O {[%clk 1:32:54]} 13. Be2 {[%clk 1:31:51]} Bb7
{[%clk 1:31:25]} 14. Nc2 {[%clk 1:31:09]} Na5 {[%clk 1:29:56]} 15. Bf3
{[%clk 1:31:15]} Qg6 {[%clk 1:28:53]} 16. Qe2 {[%clk 1:30:49]} Rad8
{[%clk 1:27:08]} 17. O-O {[%clk 1:30:35]} d5 {[%clk 1:26:12]} 18. exd5
{[%clk 1:30:12]} Bxd5 {[%clk 1:26:03]} 19. Bxd5 {[%clk 1:30:36]} Rxd5
{[%clk 1:26:21]} 20. Nb4 {[%clk 1:30:53]} Rdd8 {[%clk 1:22:39]} 21. Nxa6
{[%clk 1:30:37]} Qxa6 {[%clk 1:21:59]} 22. Qxe5 {[%clk 1:31:03]} Nc4
{[%clk 1:21:55]} 23. Qg5 {[%clk 1:30:45]} Nxb2 {[%clk 1:20:52]} 24. Rfb1
{[%clk 1:31:11]} Na4 {[%clk 1:20:36]} 25. Rxb5 {[%clk 1:31:06]} Nxc3
{[%clk 1:20:52]} 26. Rb3 {[%clk 1:31:22]} Rd1+ {[%clk 1:19:02]} 27. Rxd1
{[%clk 1:31:41]} Nxd1 {[%clk 1:19:29]} 28. Qd2 {[%clk 1:32:03]} Nxf2
{[%clk 1:18:31]} 29. Kxf2 {[%clk 1:31:56]} Ra8 {[%clk 1:18:34]} 30. Rd3
{[%clk 1:30:40]} Qf6+ {[%clk 1:17:34]} 31. Rf3 {[%clk 1:30:18]} Qh4+
{[%clk 1:17:17]} 32. Kg1 {[%clk 1:30:06]} Qc4 {[%clk 1:16:51]} 33. Rc3
{[%clk 1:29:51]} Qe6 {[%clk 1:16:29]} 34. Rc2 {[%clk 1:29:43]} h6
{[%clk 1:16:35]} 35. h3 {[%clk 1:29:21]} Rb8 {[%clk 1:16:26]} 36. Rb2
{[%clk 1:28:39]} Ra8 {[%clk 1:14:26]} 37. Qf2 {[%clk 1:28:19]} Qc4
{[%clk 1:13:55]} 38. Rc2 {[%clk 1:28:23]} Qe6 {[%clk 1:13:54]} 39. Re2
{[%clk 1:27:56]} Qg6 {[%clk 1:14:08]} 40. Kh2 {[%clk 1:27:37]} Ra3
{[%clk 1:09:58]} 41. Qf4 {[%clk 1:24:43]} Qc6 {[%clk 1:05:58]} 42. Rf2
{[%clk 1:23:08]} Qe6 {[%clk 1:06:05]} 43. Qd2 {[%clk 1:22:16]} Qe5+
{[%clk 1:05:02]} 44. Kg1 {[%clk 1:20:36]} Qa1+ {[%clk 1:05:14]} 45. Kh2
{[%clk 1:19:47]} Qe5+ {[%clk 1:05:24]} 46. Kg1 {[%clk 1:20:08]} Qa1+
{[%clk 1:05:46]} 47. Kh2 {[%clk 1:20:34]} Qe5+ {[%clk 1:06:07]} 48. Kg1
{[%clk 1:21:01]} 1/2-1/2

[Event "V Torneio Cidade de Leiria"]
[Site "Leiria POR"]
[Date "2017.07.14"]
[Round "1.13"]
[White "Cordeiro, João Pedro"]
[Black "Barrento, Jorge"]
[Result "0-1"]
[BlackElo "1658"]
[WhiteElo "1145"]
[LiveChessVersion "1.4.8"]

1. e4 e5 2. Nf3 Qe7 3. g3 {[%clk 1:31:05]} f5 {[%clk 1:27:56]} 4. Qe2
{[%clk 1:31:09]} Nc6 {[%clk 1:27:16]} 5. Bg2 {[%clk 1:31:21]} fxe4
{[%clk 1:26:28]} 6. Qxe4 {[%clk 1:31:38]} Nf6 {[%clk 1:26:17]} 7. Qe2
{[%clk 1:31:51]} e4 {[%clk 1:25:37]} 8. Ng5 {[%clk 1:31:56]} d5 {[%clk 1:25:00]}
9. d3 {[%clk 1:32:17]} Nd4 {[%clk 1:23:15]} 10. Qd2 {[%clk 1:31:55]} Nxc2+
{[%clk 1:22:59]} 11. Qxc2 {[%clk 1:31:55]} exd3+ {[%clk 1:23:20]} 12. Be3
{[%clk 1:31:12]} dxc2 {[%clk 1:18:12]} 13. Nd2 {[%clk 1:31:05]} Ng4
{[%clk 1:17:38]} 14. O-O {[%clk 1:30:07]} Nxe3 {[%clk 1:19:48]} 15. fxe3
{[%clk 1:30:10]} Qxg5 {[%clk 1:20:04]} 16. Rae1 {[%clk 1:30:09]} Bb4
{[%clk 1:17:36]} 17. Nf3 {[%clk 1:28:41]} Qh6 {[%clk 1:15:47]} 18. Re2
{[%clk 1:28:25]} O-O {[%clk 1:15:45]} 19. Nd4 {[%clk 1:27:16]} Rxf1+
{[%clk 1:15:23]} 20. Kxf1 {[%clk 1:27:36]} c1=Q+ 21. Kf2 {[%clk 1:27:27]} Bg4
{[%clk 1:14:46]} 22. Bf3 {[%clk 1:27:18]} Qxh2+ {[%clk 1:14:29]} 23. Bg2
{[%clk 1:24:51]} 0-1

[Event "V Torneio Cidade de Leiria"]
[Site "Leiria POR"]
[Date "2017.07.14"]
[Round "1.14"]
[White "Carreira, Marcelo"]
[Black "Oliveira, Antonio"]
[Result "1-0"]
[BlackElo "1371"]
[WhiteElo "1643"]
[LiveChessVersion "1.4.8"]

1. e4 {[%clk 1:30:58]} e6 {[%clk 1:30:01]} 2. d4 {[%clk 1:31:21]} d5
{[%clk 1:29:44]} 3. exd5 {[%clk 1:31:45]} exd5 {[%clk 1:29:06]} 4. Nf3
{[%clk 1:31:55]} Nc6 {[%clk 1:28:38]} 5. Nbd2 {[%clk 1:30:30]} Nge7
{[%clk 1:27:25]} 6. g3 {[%clk 1:30:33]} Nf5 {[%clk 1:24:34]} 7. Nb3
{[%clk 1:30:20]} Be7 {[%clk 1:22:04]} 8. Bg2 {[%clk 1:30:19]} O-O
{[%clk 1:21:39]} 9. O-O {[%clk 1:30:23]} Re8 {[%clk 1:21:20]} 10. Bf4
{[%clk 1:27:10]} Bd6 {[%clk 1:18:13]} 11. Bxd6 {[%clk 1:22:15]} Qxd6
{[%clk 1:17:12]} 12. c3 {[%clk 1:22:25]} h6 {[%clk 1:15:10]} 13. Nc5
{[%clk 1:22:07]} b6 {[%clk 1:13:17]} 14. Nd3 {[%clk 1:22:11]} Ba6
{[%clk 1:12:18]} 15. Re1 {[%clk 1:21:23]} Nce7 {[%clk 1:08:41]} 16. g4
{[%clk 1:21:27]} Qg6 {[%clk 1:01:54]} 17. gxf5 {[%clk 1:20:10]} Nxf5
{[%clk 0:59:41]} 18. Nde5 {[%clk 1:20:00]} Qh5 {[%clk 0:57:28]} 19. Nd2
{[%clk 1:18:20]} f6 {[%clk 0:56:53]} 20. Qxh5 {[%clk 1:18:20]} 1-0